[Event "Vesterhavsturneringen 2004"]
[Site "Esbjerg"]
[Date "2004.07.10"]
[Round "9"]
[White "Fyhn, Karsten"]
[Black "Sondergaard, Thomas"]
[Result "1-0"]
[WhiteElo "1796"]
[BlackElo "1872"]
[PlyCount "87"]
[EventDate "2004.??.??"]
[EventType "swiss"]
[EventRounds "9"]
[EventCountry "DEN"]

1. d4 g6 2. c4 Bg7 3. Nc3 d6 4. e4 e5 5. Nf3 Nc6 6. d5 Nce7 7. Be2 f5 8. b4 Nf6
9. Nd2 a5 10. bxa5 Rxa5 11. O-O O-O 12. f3 Bh6 13. Nb3 Bxc1 14. Qxc1 Ra8 15. c5
f4 16. cxd6 cxd6 17. Nb5 Ne8 18. Qc2 g5 19. Rfc1 Bd7 20. a4 h5 21. Qd1 Kh8 22.
Rc3 Rg8 23. h3 Ng6 24. Nd2 Nh4 25. Rac1 Qa5 26. Nc4 Qd8 27. Kh1 Rg6 28. Rb1 g4
29. fxg4 hxg4 30. hxg4 Nf6 31. Nbxd6 Qf8 32. Nf5 Nxf5 33. exf5 Rh6+ 34. Rh3 Ne4
35. Qe1 Ng3+ 36. Kh2 Qf6 37. Rb6 Rxh3+ 38. gxh3 Qe7 39. Rh6+ Kg8 40. d6 Qe8 41.
Nxe5 Rxa4 42. Nxd7 Qxd7 43. Qc3 Qc6 44. Qh8+ 1-0

[Event "Vesterhavsturneringen 2004"]
[Site "Esbjerg"]
[Date "2004.07.10"]
[Round "9"]
[White "Hansen, John B"]
[Black "Noe, Martin"]
[Result "0-1"]
[WhiteElo "1741"]
[BlackElo "1506"]
[PlyCount "62"]
[EventDate "2004.??.??"]
[EventType "swiss"]
[EventRounds "9"]
[EventCountry "DEN"]

1. e4 e5 2. Nf3 Nc6 3. Bc4 Be7 4. O-O Nf6 5. d3 O-O 6. Re1 d6 7. h3 a6 8. c3 h6
9. d4 Nh7 10. d5 Nb8 11. Be3 f5 12. exf5 Bxf5 13. Be2 Ng5 14. Nxg5 Bxg5 15. Bg4
Nd7 16. Bxf5 Rxf5 17. c4 Qf6 18. Bxg5 Qxg5 19. Qd2 Qh4 20. b3 Raf8 21. Re2 Rg5
22. Kh1 Rf3 23. Kh2 Rxg2+ 24. Kxg2 Rxh3 25. Re3 Rh2+ 26. Kf1 Rh1+ 27. Ke2 Qg4+
28. Rf3 e4 29. Qe3 Ne5 30. Nd2 exf3+ 31. Nxf3 Rxa1 0-1

[Event "Vesterhavsturneringen 2004"]
[Site "Esbjerg"]
[Date "2004.07.10"]
[Round "9"]
[White "Hansen, John Nyholm"]
[Black "Petersen, Tom Petri"]
[Result "1/2-1/2"]
[WhiteElo "2021"]
[BlackElo "2202"]
[PlyCount "81"]
[EventDate "2004.??.??"]
[EventType "swiss"]
[EventRounds "9"]
[EventCountry "DEN"]

1. e4 g6 2. d4 Bg7 3. Nf3 c6 4. h3 d6 5. Bd3 Nd7 6. O-O e5 7. c3 Ngf6 8. Nbd2
O-O 9. Re1 Re8 10. a4 Nf8 11. dxe5 dxe5 12. Bc4 Nh5 13. Nf1 h6 14. Qxd8 Rxd8
15. Kh2 Nf4 16. Be3 b6 17. Red1 Be6 18. Bxe6 N8xe6 19. a5 Rxd1 20. Rxd1 bxa5
21. g3 Nh5 22. N1d2 f5 23. exf5 gxf5 24. g4 fxg4 25. hxg4 Nhf4 26. Ra1 Rb8 27.
Nc4 Nd3 28. Rxa5 e4 29. Nfd2 Nxb2 30. Nxb2 Rxb2 31. Nxe4 Nc7 32. Rxa7 Nd5 33.
Bd4 Bxd4 34. cxd4 Rc2 35. Nd6 Rxf2+ 36. Kg3 Rf6 37. Nf5 h5 38. Ra8+ Kf7 39.
Ra7+ Kf8 40. Ra8+ Kf7 41. Ra7+ 1/2-1/2

[Event "Vesterhavsturneringen 2004"]
[Site "Esbjerg"]
[Date "2004.07.10"]
[Round "9"]
[White "Hansen, Mads Kjaer"]
[Black "Ditlevsen, Birgit"]
[Result "1-0"]
[WhiteElo "1331"]
[BlackElo "1229"]
[PlyCount "189"]
[EventDate "2004.??.??"]
[EventType "swiss"]
[EventRounds "9"]
[EventCountry "DEN"]

1. e4 e5 2. Bc4 Nf6 3. d3 h6 4. Nf3 d6 5. Be3 Bg4 6. Nc3 c6 7. d4 Nbd7 8. Be2
Bxf3 9. Bxf3 Be7 10. O-O exd4 11. Bxd4 Ne5 12. Bxe5 dxe5 13. Qxd8+ Rxd8 14.
Rfd1 O-O 15. Rxd8 Rxd8 16. Rd1 b5 17. Rxd8+ Bxd8 18. Nd1 g6 19. b3 a5 20. Nb2
Bb6 21. a4 Bd4 22. Nd3 b4 23. g3 g5 24. Bg2 g4 25. Kf1 Kg7 26. f4 gxf3 27. Bxf3
h5 28. Ne1 Kg6 29. Ng2 Kg5 30. Nh4 Nd7 31. Nf5 Bb6 32. h4+ Kf6 33. Bxh5 Nc5 34.
Bf3 Ne6 35. g4 Nd4 36. g5+ Kg6 37. Ne7+ Kg7 38. Bd1 Bd8 39. Nf5+ Kg6 40. Nxd4
exd4 41. Kg2 Bc7 42. Kh3 f5 43. exf5+ Kxf5 44. Bg4+ Kg6 45. Be2 Kf5 46. Bd3+
Ke6 47. g6 Kf6 48. h5 Bf4 49. Kg4 Bh6 50. Bc4 c5 51. Kf3 Ke5 52. Bf7 Kf5 53.
Ke2 Ke4 54. g7 Bxg7 55. Bg6+ Kd5 56. Kd3 Kc6 57. Be4+ Kb6 58. Kc4 Bh6 59. Kd5
Be3 60. Ke6 Bd2 61. Bd3 Kc6 62. Kf6 Kd6 63. Kg6 Bf4 64. h6 Ke7 65. h7 Be5 66.
Kf5 Kd6 67. Be2 Bh8 68. Ke4 Bg7 69. Kd3 Kc6 70. Kc4 Kb6 71. Kd5 Bh8 72. Ke6 Kc6
73. Kf7 Kd5 74. Kg8 Be5 75. h8=Q Bxh8 76. Kxh8 Kd6 77. Kg7 Ke7 78. Kg6 Ke6 79.
Bc4+ Ke5 80. Kf7 Kd6 81. Kf6 Kc6 82. Ke6 Kc7 83. Kd5 Kb6 84. Kd6 d3 85. cxd3
Kb7 86. Kxc5 Ka7 87. Kc6 Kb8 88. Be6 Ka7 89. Kc7 Ka6 90. d4 Ka7 91. d5 Ka6 92.
d6 Ka7 93. d7 Ka6 94. d8=Q Ka7 95. Qb8+ 1-0

[Event "Vesterhavsturneringen 2004"]
[Site "Esbjerg"]
[Date "2004.07.10"]
[Round "9"]
[White "Henriksen, Rene"]
[Black "Pedersen, Jan"]
[Result "0-1"]
[WhiteElo "1293"]
[BlackElo "2393"]
[PlyCount "72"]
[EventDate "2004.??.??"]
[EventType "swiss"]
[EventRounds "9"]
[EventCountry "DEN"]

1. e4 Nf6 2. e5 Nd5 3. c4 Nb6 4. Nc3 d6 5. Nf3 Nc6 6. exd6 cxd6 7. d4 g6 8. d5
Ne5 9. Nxe5 dxe5 10. c5 Nd7 11. Be3 Bg7 12. Bb5 a6 13. Ba4 O-O 14. c6 Nb6 15.
cxb7 Bxb7 16. Bb3 Rc8 17. O-O Nc4 18. Rb1 Qc7 19. Qd3 Nxb2 20. Rxb2 Qxc3 21.
Qe2 Qa5 22. Rd1 Rfd8 23. Rbd2 Rd6 24. Bg5 Rc7 25. f4 Qb6+ 26. Kh1 f6 27. fxe5
fxe5 28. Rc2 Bf6 29. Be3 Rxc2 30. Bxc2 Qa5 31. Rb1 Bxd5 32. Rb8+ Kg7 33. Qg4
Be6 34. Qf3 Qe1+ 35. Bg1 e4 36. Bxe4 Rd1 0-1

[Event "Vesterhavsturneringen 2004"]
[Site "Esbjerg"]
[Date "2004.07.10"]
[Round "9"]
[White "Hjorth, Henrik"]
[Black "Klos, Bjarne"]
[Result "0-1"]
[WhiteElo "1625"]
[BlackElo "1758"]
[PlyCount "90"]
[EventDate "2004.??.??"]
[EventType "swiss"]
[EventRounds "9"]
[EventCountry "DEN"]

1. d4 d5 2. Nf3 Nf6 3. Bf4 e6 4. e3 Bd6 5. c3 Bxf4 6. exf4 O-O 7. Bd3 c5 8.
Nbd2 Qb6 9. Rb1 Nc6 10. dxc5 Qxc5 11. O-O Qd6 12. g3 Rd8 13. Re1 d4 14. Bb5
dxc3 15. bxc3 b6 16. Qa4 Ne7 17. Ne4 Nxe4 18. Qxe4 Rb8 19. Ne5 Bb7 20. Qe2 Nd5
21. Rbc1 Nf6 22. Red1 Qc7 23. Rxd8+ Rxd8 24. Bd3 g6 25. f3 Nd7 26. Nxd7 Qxd7
27. Be4 Bxe4 28. fxe4 Qd2 29. Rc2 Qxe2 30. Rxe2 Rd1+ 31. Kf2 Rc1 32. Ke3 Rxc3+
33. Kd4 Rc5 34. e5 Kf8 35. Rb2 Ke7 36. Re2 Kd7 37. Rb2 Kc6 38. h3 b5 39. h4 h5
40. Re2 Rc4+ 41. Kd3 Kc5 42. Rb2 b4 43. Ke3 Rc3+ 44. Kf2 a5 45. Rd2 a4 0-1

[Event "Vesterhavsturneringen 2004"]
[Site "Esbjerg"]
[Date "2004.07.10"]
[Round "9"]
[White "Hoi, Carsten"]
[Black "Sulypa, Alexandre"]
[Result "1-0"]
[WhiteElo "2359"]
[BlackElo "2469"]
[PlyCount "51"]
[EventDate "2004.??.??"]
[EventType "swiss"]
[EventRounds "9"]
[EventCountry "DEN"]

1. d4 Nf6 2. Nf3 g6 3. c4 Bg7 4. Nc3 d6 5. e4 O-O 6. h3 e5 7. d5 Qe8 8. g4 h5
9. Be2 hxg4 10. hxg4 Bxg4 11. Ng5 Qc8 12. Be3 c6 13. Rh4 Bxe2 14. Qxe2 Nbd7 15.
O-O-O Qc7 16. Rdh1 Rfc8 17. Qf3 Nf8 18. Kb1 Qd7 19. Qg2 cxd5 20. Nxd5 Ne6 21.
Qh3 Nh5 22. Rxh5 gxh5 23. Rg1 Nf8 24. Nf6+ Bxf6 25. Nh7+ Kh8 26. Nxf6 1-0

[Event "Vesterhavsturneringen 2004"]
[Site "Esbjerg"]
[Date "2004.07.10"]
[Round "9"]
[White "Hoiberg, Erling"]
[Black "Jensen, Torben Richard"]
[Result "1-0"]
[WhiteElo "2135"]
[BlackElo "1898"]
[PlyCount "45"]
[EventDate "2004.??.??"]
[EventType "swiss"]
[EventRounds "9"]
[EventCountry "DEN"]

1. d4 d5 2. Bf4 Nf6 3. e3 Bf5 4. c4 e6 5. Qb3 b6 6. Nc3 a6 7. Nf3 dxc4 8. Bxc4
b5 9. Be2 Nbd7 10. Rd1 b4 11. Na4 Nd5 12. Bg3 N7f6 13. Ne5 Ne4 14. Qc4 Nxg3 15.
Qc6+ Ke7 16. hxg3 f6 17. g4 Be4 18. Nc5 Qd6 19. Qxa8 Bc2 20. Nc4 Nb6 21. Nxb6
cxb6 22. Qb7+ Kd8 23. Rd2 1-0

[Event "Vesterhavsturneringen 2004"]
[Site "Esbjerg"]
[Date "2004.07.10"]
[Round "9"]
[White "Jacobsen, Jacob"]
[Black "Hansen, Erik Hedegaard"]
[Result "1/2-1/2"]
[WhiteElo "1825"]
[BlackElo "1738"]
[PlyCount "76"]
[EventDate "2004.??.??"]
[EventType "swiss"]
[EventRounds "9"]
[EventCountry "DEN"]

1. e4 c5 2. Nf3 Nc6 3. Be2 g6 4. Nc3 Bg7 5. d3 Nf6 6. O-O O-O 7. Bg5 d6 8. Qc1
Re8 9. h3 Be6 10. Bh6 Bh8 11. Be3 Qc8 12. Kh2 a6 13. Ng5 Nd4 14. Bd1 Nd7 15.
Ne2 Nxe2 16. Bxe2 Nf8 17. c3 Bd7 18. f4 f5 19. Qc2 e5 20. Rad1 Ne6 21. Nxe6
Bxe6 22. b3 b5 23. Bf3 Rb8 24. c4 b4 25. Qf2 Bg7 26. Qh4 Qd8 27. Qxd8 Rbxd8 28.
g4 Rf8 29. gxf5 gxf5 30. Rde1 Bh6 31. exf5 Rxf5 32. Bg4 Rf6 33. Bxe6+ Rxe6 34.
fxe5 Bxe3 35. Rxe3 Rxe5 36. Rxe5 dxe5 37. Rf3 Rd4 38. Kg3 Kg7 1/2-1/2

[Event "Vesterhavsturneringen 2004"]
[Site "Esbjerg"]
[Date "2004.07.10"]
[Round "9"]
[White "Jensen, Alexander Tranberg"]
[Black "Clausen, Borge"]
[Result "1-0"]
[WhiteElo "1255"]
[BlackElo "1400"]
[PlyCount "111"]
[EventDate "2004.??.??"]
[EventType "swiss"]
[EventRounds "9"]
[EventCountry "DEN"]

1. c4 e5 2. g3 Nf6 3. d3 Bb4+ 4. Bd2 Bxd2+ 5. Nxd2 O-O 6. Bg2 d6 7. Ngf3 c6 8.
O-O Bf5 9. b4 Nbd7 10. Rb1 Rb8 11. a4 a6 12. Nh4 Be6 13. b5 axb5 14. axb5 c5
15. Ra1 Nb6 16. Nhf3 Qc7 17. e4 Ra8 18. Nb3 Rxa1 19. Qxa1 Ra8 20. Qb2 h6 21.
Ra1 Rb8 22. Ra7 Ra8 23. Rxa8+ Nxa8 24. Qa3 Qb8 25. Nh4 g5 26. Nf5 Bxf5 27. exf5
Nc7 28. Na5 d5 29. Qxc5 b6 30. Nc6 bxc5 31. Nxb8 dxc4 32. dxc4 Nfe8 33. b6 Nb5
34. Nd7 Nbd6 35. Nxc5 Nf6 36. b7 Nxb7 37. Bxb7 Kf8 38. Ne4 Ne8 39. c5 Ke7 40.
c6 Nc7 41. f3 Ne8 42. Kf2 Kd8 43. Ke3 Kc7 44. Nc5 h5 45. Na6+ Kb6 46. Nb4 Kc5
47. Na6+ Kb6 48. Nb8 Kc7 49. Nd7 f6 50. Nc5 Kd6 51. Ne6 h4 52. gxh4 gxh4 53. h3
Nc7 54. Nxc7 Kxc7 55. f4 exf4+ 56. Kxf4 1-0

[Event "Vesterhavsturneringen 2004"]
[Site "Esbjerg"]
[Date "2004.07.10"]
[Round "9"]
[White "Jensen, Henrik Tranberg"]
[Black "Sandbech, Ted"]
[Result "1-0"]
[WhiteElo "2035"]
[BlackElo "1613"]
[PlyCount "73"]
[EventDate "2004.??.??"]
[EventType "swiss"]
[EventRounds "9"]
[EventCountry "DEN"]

1. d4 d5 2. c4 c6 3. cxd5 cxd5 4. Nf3 Nc6 5. Bf4 Nf6 6. e3 Bg4 7. Be2 e6 8. Nc3
Bb4 9. h3 Bh5 10. O-O O-O 11. Rc1 Rc8 12. a3 Ba5 13. b4 Bc7 14. Bxc7 Rxc7 15.
Qa4 a6 16. Nd2 Bxe2 17. Nxe2 Qd7 18. Qb3 Rfc8 19. Qb1 e5 20. Nb3 exd4 21. Nc5
Qe7 22. Nxd4 Nxd4 23. exd4 Qd8 24. Rfe1 Nd7 25. Rcd1 Nf6 26. Re5 Re7 27. Qf5
Rcc7 28. Rde1 Rxe5 29. Rxe5 h6 30. g4 Qa8 31. h4 b6 32. g5 hxg5 33. hxg5 bxc5
34. gxf6 g6 35. Qf4 cxb4 36. Qh6 Qf8 37. Re8 1-0

[Event "Vesterhavsturneringen 2004"]
[Site "Esbjerg"]
[Date "2004.07.10"]
[Round "9"]
[White "Jensen, Jonbert"]
[Black "Roerholt, Carsten"]
[Result "0-1"]
[WhiteElo "1421"]
[BlackElo "1618"]
[PlyCount "60"]
[EventDate "2004.??.??"]
[EventType "swiss"]
[EventRounds "9"]
[EventCountry "DEN"]

1. e4 c5 2. Nf3 d6 3. Nc3 Nf6 4. Be2 e6 5. d3 a6 6. a4 b6 7. O-O Bb7 8. Ne1
Nbd7 9. f4 Be7 10. Bf3 Qc7 11. Qe2 O-O 12. e5 Bxf3 13. Nxf3 dxe5 14. Nxe5 Rfd8
15. Bd2 Bd6 16. Rae1 Qb7 17. Nc4 Bc7 18. Ne4 Nxe4 19. dxe4 b5 20. Na5 Qb6 21.
Kh1 bxa4 22. Bc3 Qb5 23. Nc4 Nf6 24. e5 Nd5 25. Rf3 Nxc3 26. Rxc3 Rd4 27. Qf3
Rad8 28. Na3 Qxb2 29. h3 Ba5 30. Rb1 Qxc3 0-1

[Event "Vesterhavsturneringen 2004"]
[Site "Esbjerg"]
[Date "2004.07.10"]
[Round "9"]
[White "Jensen, Jorgen Tranbjerg"]
[Black "Pontoppidan, Erik"]
[Result "1/2-1/2"]
[WhiteElo "1557"]
[BlackElo "1750"]
[PlyCount "77"]
[EventDate "2004.??.??"]
[EventType "swiss"]
[EventRounds "9"]
[EventCountry "DEN"]

1. d4 Nf6 2. c4 c5 3. d5 d6 4. Nc3 g6 5. Nf3 Bg7 6. e4 e6 7. Bd3 exd5 8. exd5
O-O 9. O-O Bg4 10. Re1 Nbd7 11. Bf4 Bxf3 12. Qxf3 Ne8 13. Qg3 Ne5 14. Rad1 a6
15. Bf1 f5 16. Bg5 Nf6 17. f4 Nf7 18. Re6 Nxg5 19. Qxg5 Qd7 20. Rde1 Rae8 21.
Qg3 Rxe6 22. dxe6 Qc6 23. Be2 Ne4 24. Nxe4 fxe4 25. b3 b5 26. Bg4 Re8 27. f5
Bd4+ 28. Kh1 Kg7 29. fxg6 Be5 30. Qe3 hxg6 31. Qxe4 Qxe4 32. Rxe4 Rf8 33. g3
Kf6 34. Kg2 Ke7 35. Re3 bxc4 36. bxc4 Rb8 37. Rb3 Rb4 38. Rxb4 cxb4 39. Bd1
1/2-1/2

[Event "Vesterhavsturneringen 2004"]
[Site "Esbjerg"]
[Date "2004.07.10"]
[Round "9"]
[White "Jensen, Leif"]
[Black "Munksgaard, Dennis"]
[Result "1-0"]
[WhiteElo "2057"]
[BlackElo "1846"]
[PlyCount "99"]
[EventDate "2004.??.??"]
[EventType "swiss"]
[EventRounds "9"]
[EventCountry "DEN"]

1. e4 e5 2. Nc3 Nf6 3. f4 d5 4. fxe5 Nxe4 5. Nf3 Bg4 6. Qe2 Nxc3 7. dxc3 Nc6 8.
Bf4 Bc5 9. O-O-O O-O 10. Qd3 Qc8 11. Qxd5 Be7 12. Bd3 Rd8 13. Qe4 g6 14. h3 Bf5
15. Qe3 b5 16. Be4 Bxe4 17. Qxe4 Qa6 18. Kb1 b4 19. c4 Re8 20. Rd7 b3 21. cxb3
Bf6 22. Qd5 Be7 23. Qb5 Qxb5 24. cxb5 Nd8 25. Rxc7 Ne6 26. Rc4 Reb8 27. Rhc1
Nxf4 28. Rxf4 Rxb5 29. Rc7 Kf8 30. Rfc4 Rbb8 31. Rd7 Rd8 32. Rxd8+ Bxd8 33. Kc2
Bb6 34. b4 Rd8 35. a4 Rd7 36. b5 Rd5 37. b4 Bf2 38. Rc8+ Kg7 39. Rc6 h6 40. Rc7
Kf8 41. Rc3 Rd7 42. Kb3 Rd1 43. a5 Rd5 44. Rc2 Bg3 45. Kc4 Rd8 46. b6 axb6 47.
axb6 Rb8 48. Kb5 f6 49. exf6 Kf7 50. Rc6 1-0

[Event "Vesterhavsturneringen 2004"]
[Site "Esbjerg"]
[Date "2004.07.10"]
[Round "9"]
[White "Jensen, Thomas Astrup"]
[Black "Rosenberg, Jan"]
[Result "0-1"]
[WhiteElo "1570"]
[BlackElo "1786"]
[PlyCount "82"]
[EventDate "2004.??.??"]
[EventType "swiss"]
[EventRounds "9"]
[EventCountry "DEN"]

1. d4 Nf6 2. c4 c5 3. d5 b5 4. cxb5 a6 5. f3 g6 6. e4 d6 7. bxa6 Bxa6 8. Bxa6
Rxa6 9. Bg5 Bg7 10. Qd2 Qb6 11. Nc3 O-O 12. Nge2 Nbd7 13. O-O Rb8 14. Rfb1 Qa7
15. Be3 Ne5 16. b3 Qa8 17. h3 Rb4 18. Bh6 Bh8 19. a4 Ned7 20. Na2 Rb8 21. Nec3
Ne8 22. f4 Rab6 23. Qc2 Qb7 24. Nc1 Nc7 25. Qd3 Qa6 26. Nb5 Nxb5 27. axb5 Qxb5
28. Qxb5 Rxb5 29. Ra7 R5b7 30. Ra4 Nb6 31. Ra6 f5 32. exf5 Nxd5 33. fxg6 hxg6
34. g4 Bd4+ 35. Kg2 Be3 36. Nd3 Rxb3 37. Rxb3 Rxb3 38. Ra8+ Kh7 39. g5 Rxd3 40.
Rf8 Nxf4+ 41. Kf3 Ne6 0-1

[Event "Vesterhavsturneringen 2004"]
[Site "Esbjerg"]
[Date "2004.07.10"]
[Round "9"]
[White "Kaarsberg, Allan"]
[Black "Madsen, Svend"]
[Result "0-1"]
[WhiteElo "1766"]
[BlackElo "1502"]
[PlyCount "46"]
[EventDate "2004.??.??"]
[EventType "swiss"]
[EventRounds "9"]
[EventCountry "DEN"]

1. f4 e5 2. e4 exf4 3. Nf3 d6 4. d4 g5 5. Bc4 h6 6. O-O Bg7 7. Nc3 Ne7 8. Kh1
Ng6 9. Ne2 O-O 10. c3 c6 11. Qc2 d5 12. exd5 cxd5 13. Bd3 f5 14. Bd2 Nc6 15.
Rae1 Be6 16. Nxf4 Nxf4 17. Bxf4 Qd7 18. Bxg5 hxg5 19. Nxg5 Rae8 20. Qf2 Nb8 21.
Qh4 Bf6 22. Rxf5 Bxf5 23. Rxe8 Rxe8 0-1

[Event "Vesterhavsturneringen 2004"]
[Site "Esbjerg"]
[Date "2004.07.10"]
[Round "9"]
[White "Kallenbach, Uffe"]
[Black "Nielsen, Anders"]
[Result "1-0"]
[WhiteElo "1434"]
[BlackElo "1733"]
[PlyCount "135"]
[EventDate "2004.??.??"]
[EventType "swiss"]
[EventRounds "9"]
[EventCountry "DEN"]

1. d4 d5 2. Nf3 c6 3. e3 Nf6 4. Be2 Nbd7 5. O-O e6 6. Nbd2 a6 7. c4 dxc4 8.
Nxc4 b5 9. Nce5 Bb7 10. b3 Bd6 11. Bb2 O-O 12. Rc1 Rc8 13. Bd3 c5 14. dxc5 Nxc5
15. Bb1 Qe7 16. Nd3 Rfd8 17. Qe2 Be4 18. Rfd1 Nxd3 19. Rxc8 Rxc8 20. Bxf6 Qxf6
21. Bxd3 Bxd3 22. Qxd3 Rd8 23. Qc2 h6 24. Nd4 Be5 25. Nf3 Bd6 26. Nd4 e5 27.
Nf5 Bb4 28. Rxd8+ Qxd8 29. e4 Bc3 30. Kf1 b4 31. Ke2 Qg5 32. Ne3 Qh5+ 33. f3
Qxh2 34. Kd3 Qg1 35. Nd5 Qd4+ 36. Ke2 Kf8 37. a3 a5 38. axb4 axb4 39. Nc7 Qb6
40. Nd5 Qa6+ 41. Ke3 Qa7+ 42. Kd3 g6 43. Kc4 Qa6+ 44. Kc5 Qa7+ 45. Kb5 Qb7+ 46.
Kc5 Ke8 47. Nxc3 bxc3 48. Qxc3 Qc7+ 49. Kb4 Qb8+ 50. Kc4 Kd7 51. b4 Kd6 52.
Qd3+ Ke7 53. b5 Qc7+ 54. Kb4 Qb6 55. Qd5 Qb8 56. Qc6 h5 57. b6 h4 58. Kb5 Kd8
59. Ka6 f5 60. Qb7 Qd6 61. Ka7 Qa3+ 62. Kb8 fxe4 63. fxe4 Qa2 64. Qd5+ Qxd5 65.
exd5 e4 66. Ka8 e3 67. b7 e2 68. b8=Q+ 1-0

[Event "Vesterhavsturneringen 2004"]
[Site "Esbjerg"]
[Date "2004.07.10"]
[Round "9"]
[White "Kjaergaard Jensen, Jesper"]
[Black "Svensson, Sven"]
[Result "1-0"]
[WhiteElo "2124"]
[BlackElo "2117"]
[PlyCount "133"]
[EventDate "2004.??.??"]
[EventType "swiss"]
[EventRounds "9"]
[EventCountry "DEN"]

1. d4 Nf6 2. Nf3 e6 3. Bf4 c5 4. c3 b6 5. Nbd2 Bb7 6. e3 Be7 7. Bd3 d6 8. Qe2
Nbd7 9. e4 Rc8 10. e5 Nd5 11. Bg3 cxd4 12. Nxd4 Nxe5 13. Bxe5 dxe5 14. Bb5+ Kf8
15. Qxe5 Qd6 16. Qg3 Qxg3 17. hxg3 Bf6 18. N2f3 Ke7 19. Bd3 Nc7 20. O-O-O Bxd4
21. Nxd4 Bxg2 22. Rhe1 Ba8 23. Be4 Nd5 24. Nb5 Rc5 25. a4 a6 26. Nd4 Kf6 27.
Rd3 g6 28. Nc2 Rhc8 29. Kd2 R5c7 30. a5 b5 31. Bxd5 Bxd5 32. Nb4 Bb7 33. Rd6
Ke7 34. Rb6 Rd8+ 35. Ke3 Rd6 36. Rxd6 Kxd6 37. Kf4 f6 38. Rd1+ Ke7 39. Ke3 h5
40. f3 Bc8 41. Nd3 Bb7 42. Nf4 Kf7 43. Rd6 Bc8 44. Nd3 Ke7 45. Rb6 Kd7 46. Nb4
g5 47. Nxa6 Bxa6 48. Rxa6 Rc6 49. Ra8 Rc8 50. Rxc8 Kxc8 51. b3 Kb7 52. f4 g4
53. Kd4 Kc6 54. c4 b4 55. Ke4 Kc5 56. f5 e5 57. a6 Kb6 58. Kd5 e4 59. Kd6 e3
60. c5+ Ka7 61. c6 e2 62. c7 e1=Q 63. c8=Q Qd2+ 64. Ke6 Qe3+ 65. Kf7 Qxb3+ 66.
Kg6 Qc4 67. Qb7# 1-0

[Event "Vesterhavsturneringen 2004"]
[Site "Esbjerg"]
[Date "2004.07.10"]
[Round "9"]
[White "Klitaa, Ib"]
[Black "Rasmussen, Kasper Ammitzboll"]
[Result "0-1"]
[WhiteElo "1633"]
[BlackElo "1896"]
[PlyCount "80"]
[EventDate "2004.??.??"]
[EventType "swiss"]
[EventRounds "9"]
[EventCountry "DEN"]

1. e4 c5 2. Nf3 Nc6 3. b3 d6 4. Bb2 e5 5. h3 Be7 6. c3 f5 7. exf5 Bxf5 8. Be2
Nf6 9. d3 O-O 10. O-O d5 11. Nbd2 h6 12. Re1 Qe8 13. Nf1 Rd8 14. Ng3 Bh7 15.
Qc1 Kh8 16. Bf1 Nd7 17. Qe3 Qf7 18. Rad1 Bd6 19. Qd2 Bc7 20. Nh2 Nf6 21. Ba3
Bd6 22. Bb2 a6 23. Re2 Rfe8 24. Rde1 b5 25. Nf3 Re6 26. Nh4 Nh5 27. Nxh5 Qxh5
28. Nf3 Rf8 29. Nh2 Ref6 30. Ng4 Rf4 31. g3 Rf3 32. Re3 R3f7 33. Bg2 d4 34.
R3e2 Rc7 35. Ra1 dxc3 36. Bxc3 Nd4 37. Bxd4 cxd4 38. Rae1 Rfc8 39. Nh2 Rc3 40.
Rc1 Rxc1+ 0-1

[Event "Vesterhavsturneringen 2004"]
[Site "Esbjerg"]
[Date "2004.07.10"]
[Round "9"]
[White "Knudsen, Michael"]
[Black "Kristensen, Jens"]
[Result "0-1"]
[WhiteElo "1462"]
[BlackElo "1689"]
[PlyCount "48"]
[EventDate "2004.??.??"]
[EventType "swiss"]
[EventRounds "9"]
[EventCountry "DEN"]

1. e4 e5 2. Bc4 Be7 3. Nf3 Nc6 4. Nc3 Nf6 5. d4 exd4 6. Nxd4 d6 7. f3 O-O 8.
Be3 a6 9. Qd2 Ne5 10. Be2 c5 11. Nb3 Be6 12. Nd5 Rc8 13. Nxe7+ Qxe7 14. O-O
Rfd8 15. Bg5 h6 16. Bh4 d5 17. exd5 Rxd5 18. Qe3 Ng6 19. Bxf6 Qxf6 20. c3 Re5
21. Qf2 Nf4 22. Rae1 Rg5 23. Kh1 Rxg2 24. Qe3 Qh4 0-1

[Event "Vesterhavsturneringen 2004"]
[Site "Esbjerg"]
[Date "2004.07.10"]
[Round "9"]
[White "Konradsen, Vagn"]
[Black "Hein, Jacob"]
[Result "0-1"]
[WhiteElo "1196"]
[BlackElo "1317"]
[PlyCount "76"]
[EventDate "2004.??.??"]
[EventType "swiss"]
[EventRounds "9"]
[EventCountry "DEN"]

1. h4 Nf6 2. e3 d5 3. d4 Nbd7 4. c3 e5 5. Nd2 Be7 6. Nb3 Ne4 7. Qd3 Nd6 8. g3
e4 9. Qd1 Nf6 10. Bd2 b6 11. Nh3 Bxh3 12. Rxh3 Qd7 13. Rh1 O-O-O 14. a4 Nb7 15.
g4 h6 16. h5 a5 17. Ba6 Kb8 18. Be2 Rhf8 19. Qc2 Ne8 20. O-O-O Qxa4 21. Be1 Ka7
22. Kd2 Ned6 23. Ra1 Nc4+ 24. Kc1 Qc6 25. Bxc4 dxc4 26. Nd2 f5 27. gxf5 Rxf5
28. Qxe4 Qd7 29. Nxc4 Nd6 30. Qd3 Nb7 31. Ne5 Nc5 32. Qc2 Rxe5 33. dxc5 Rxc5
34. b4 Rd5 35. Kb2 Qb5 36. c4 Bf6+ 37. Bc3 Qxb4+ 38. Qb3 Bxc3+ 0-1

[Event "Vesterhavsturneringen 2004"]
[Site "Esbjerg"]
[Date "2004.07.10"]
[Round "9"]
[White "Kragh, Niels Kristian"]
[Black "Bonnelykke, Ole"]
[Result "0-1"]
[WhiteElo "1981"]
[BlackElo "2065"]
[PlyCount "142"]
[EventDate "2004.??.??"]
[EventType "swiss"]
[EventRounds "9"]
[EventCountry "DEN"]

1. d4 d5 2. e4 e6 3. Nc3 Nf6 4. e5 Nfd7 5. f4 c5 6. Nf3 Nc6 7. Be3 f6 8. dxc5
fxe5 9. fxe5 Bxc5 10. Bf4 O-O 11. Qd2 Bb4 12. O-O-O Qa5 13. Bd3 Bxc3 14. bxc3
Qa3+ 15. Kb1 Nc5 16. Qc1 Qxc3 17. Bd2 Nxd3 18. Bxc3 Nxc1 19. Kxc1 Bd7 20. Rhf1
h6 21. Nd4 a6 22. Nxc6 Bxc6 23. Bd4 Rfc8 24. Rf4 Bb5 25. Rd2 Rf8 26. Rxf8+ Rxf8
27. Rf2 Rxf2 28. Bxf2 Kf7 29. Kd2 Kg6 30. Bd4 Kf5 31. Ke3 g5 32. Kf3 h5 33. Ke3
Ba4 34. c3 Bc2 35. Kf3 b5 36. a3 Be4+ 37. Kf2 Bd3 38. Ke3 Bc4 39. Kf3 Bb3 40.
Ke3 Bc2 41. Kf3 Bd1+ 42. Ke3 g4 43. Kd2 Bb3 44. Ke3 h4 45. Kd2 Kf4 46. Ke2 Bc4+
47. Kf2 g3+ 48. hxg3+ hxg3+ 49. Ke1 Ke4 50. Bb6 Kd3 51. Ba5 Kc2 52. Bb4 Bd3 53.
Ba5 Be4 54. Kf1 Kb3 55. Bb4 Ka4 56. Bc5 Kb3 57. Bb4 Kc2 58. Ba5 Kd1 59. Bb4
Bd3+ 60. Kg1 Kc2 61. Ba5 Kb3 62. Bb4 Ka4 63. Bd6 a5 64. Bc7 Be2 65. Bd8 Kxa3
66. Bxa5 Kb3 67. Kh1 Kc4 68. Kg1 d4 69. cxd4 b4 70. d5 b3 71. d6 b2 0-1

[Event "Vesterhavsturneringen 2004"]
[Site "Esbjerg"]
[Date "2004.07.10"]
[Round "9"]
[White "Kwapinski, Leszek"]
[Black "Konstantinov, Maxim"]
[Result "1-0"]
[WhiteElo "1785"]
[BlackElo "1519"]
[PlyCount "51"]
[EventDate "2004.??.??"]
[EventType "swiss"]
[EventRounds "9"]
[EventCountry "DEN"]

1. c4 c5 2. g3 Nf6 3. Nc3 d5 4. cxd5 Nxd5 5. Bg2 Nc7 6. Nf3 Nc6 7. O-O e5 8. d3
Be7 9. Be3 O-O 10. Rc1 Na6 11. a3 Be6 12. Ne4 Nd4 13. Nxe5 f6 14. Nf3 Nxf3+ 15.
Bxf3 Rc8 16. Nc3 Rb8 17. Bf4 Nc7 18. Qa4 a6 19. Rfd1 Bd6 20. Bxd6 Qxd6 21. Ne4
Qb6 22. Nxc5 Qxb2 23. Nxe6 Nxe6 24. Bd5 Qe5 25. Qd7 Rfe8 26. Rc7 1-0

[Event "Vesterhavsturneringen 2004"]
[Site "Esbjerg"]
[Date "2004.07.10"]
[Round "9"]
[White "Haagen Larsen, Hans"]
[Black "Nilsson, Jonas Gosta"]
[Result "0-1"]
[WhiteElo "1714"]
[BlackElo "1698"]
[PlyCount "70"]
[EventDate "2004.??.??"]
[EventType "swiss"]
[EventRounds "9"]
[EventCountry "DEN"]

1. d4 Nf6 2. Nf3 g6 3. Bf4 Bg7 4. e3 d5 5. Be2 c6 6. c3 Qb6 7. Qb3 Nbd7 8. h3
O-O 9. Nbd2 Re8 10. O-O Qxb3 11. axb3 Nf8 12. c4 dxc4 13. bxc4 N6d7 14. Rfb1 e5
15. dxe5 Nxe5 16. Ra2 Nxf3+ 17. Nxf3 Ne6 18. Bg3 Nc5 19. Nd2 Bf5 20. Rba1 Rad8
21. Nf3 Nb3 22. Rd1 a6 23. Bc7 Rxd1+ 24. Bxd1 Nc1 25. Ra4 Re7 26. Ba5 Rd7 27.
Bd2 Bxb2 28. Kh2 Nd3 29. Bc2 Bf6 30. Kg1 Be4 31. Ba5 Nxf2 32. Bxe4 Nxe4 33. Bb6
Ng5 34. Kf2 Ne4+ 35. Kf1 Rd1+ 0-1